Care for your guinea pig (Record no. 7186)

MARC details
000 -LEADER
fixed length control field 00657nam a2200241 i 4500
001 - CONTROL NUMBER
control field C2-0062037
003 - CONTROL NUMBER IDENTIFIER
control field PPAK
005 - DATE AND TIME OF LATEST TRANSACTION
control field 20190630222110.0
008 - FIXED-LENGTH DATA ELEMENTS--GENERAL INFORMATION
fixed length control field 970302s1985 enk|||| ||||| | ||eng d
020 ## - INTERNATIONAL STANDARD BOOK NUMBER
International Standard Book Number 0004102207
040 ## - CATALOGING SOURCE
Original cataloging agency PPAK
Language of cataloging eng
Transcribing agency PPAK
Description conventions rda
082 04 - DEWEY DECIMAL CLASSIFICATION NUMBER
Classification number 636.93234
Edition number 23
090 00 - LOCALLY ASSIGNED LC-TYPE CALL NUMBER (OCLC); LOCAL CALL NUMBER (RLIN)
Classification number (OCLC) (R) ; Classification number, CALL (RLIN) (NR) 636.93234
Feature heading HEA
Feature heading G
100 1# - MAIN ENTRY--PERSONAL NAME
Personal name Hearne, Tina,
Relator term author
245 10 - TITLE STATEMENT
Title Care for your guinea pig
264 #1 - PRODUCTION, PUBLICATION, DISTRIBUTION, MANUFACTURE, AND COPYRIGHT NOTICE
Place of production, publication, distribution, manufacture London :
Name of producer, publisher, distributor, manufacturer William Harper Collins ,
Date of production, publication, distribution, manufacture, or copyright notice 1985
300 ## - PHYSICAL DESCRIPTION
Extent 32 pages :
Other physical details colour illustrations ;
Dimensions 22 cm
336 ## - CONTENT TYPE
Source rdacontent
Content type term text
337 ## - MEDIA TYPE
Source rdamedia
Media type term unmediated
338 ## - CARRIER TYPE
Source rdacarrier
Carrier type term volume
650 10 - SUBJECT ADDED ENTRY--TOPICAL TERM
Topical term or geographic name entry element Guinea pigs
942 ## - ADDED ENTRY ELEMENTS (KOHA)
-- dc
Koha item type Book
Holdings
Withdrawn Not for loan Current library Shelving location Date acquired Full call number Barcode Date last seen Koha item type
    Perpustakaan Alor Setar Pinjaman Dewasa 06/08/1997 636.93234 HEA A00045784 08/05/2018 Book
    Perpustakaan Awam Sungai Petani Pinjaman Dewasa 03/02/2004 636.93234 HEA A00415994 08/05/2018 Book
    Perpustakaan Jitra Pinjaman Dewasa 04/02/2004 636.93234 HEA A00840668 08/05/2018 Book